| LEADER | 01207nam a2200253 u 4500 | ||
|---|---|---|---|
| 001 | 10051202 | ||
| 003 | upatras | ||
| 005 | 20231005063215.0 | ||
| 008 | 040923s1955 gr gre | ||
| 040 | |a GR-PaULI |c GR-PaULI | ||
| 041 | 0 | |a gre | |
| 084 | |a QU 75 | ||
| 100 | 1 | |a Ζιούδρου, Χριστίνα Α. |9 43256 | |
| 245 | 1 | 0 | |a Αναγωγαί και οξειδώσεις σακχάρων |c Χριστίνας Α. Ζιούδρου; Πανεπιστήμιο Αθηνών, Φυσικομαθηματική Σχολή |
| 260 | |a Αθήναι |b [χ.ό.] |c 1955 | ||
| 300 | |a 26 σ. |c 24 εκ. | ||
| 504 | |a Περιλαμβάνει βιβλιογραφία | ||
| 650 | 4 | |a Σάκχαρα |9 43257 | |
| 710 | 2 | |a Εθνικό και Καποδιστριακό Πανεπιστήμιο Αθηνών |e Φυσικομαθηματική Σχολή |9 27809 | |
| 852 | |a GR-PaULI |b ΠΑΤΡΑ |b ΙΑΤΡΙΚΗ |k ΔΙΑΤΡΙΒΗ |h QU 75 ΖΙΟ |m Δ/000087 |p 025000119391 |t 1 | ||
| 942 | |2 ddc |c BKTD | ||
| 952 | |0 0 |1 0 |4 0 |6 QU_75_000000000000000_ΖΙΟ |7 0 |9 43809 |a MEDI |b MEDI |d 2016-04-24 |i Δ/000087 |l 0 |o QU 75 ΖΙΟ |p 025000119391 |r 2016-04-24 00:00:00 |t 1 |w 2016-04-24 |y BKTD | ||
| 998 | |c ΙΩΑΝΝΙΔΗ |d 2004-09 | ||
| 999 | |c 27929 |d 27929 | ||